00987nam a22001937a 4500003000800000008004100008037002000049040003500069041000800104080001000112100004000122245022700162260008600389300002200475502016300497650007700660655002300737700003300760BI-BuBU260421b2025 bd fr|||| 000 0 fre d bDon de l'auteur aBI-BuBUbfrecBI-BuBUdBI-BuBU0 afre a681.31 4aut.aIradukunda, Jean Baptistingue10aOptimisation des algorithmes de recherche dans l'encyclopédie burundaisebune approche basée sur la recherche sémantique et le calcule par simularitécJean Baptistingue Iradukunda ; Michèle Mukeshimana, directeur aBujumburabUniversité du Burundi, Faculté des Sciences de l'Ingénieurc2025 aXI-100 f.c30 cm. aMémoire présenté à la Faculté des Sciences de l'Ingénieur en vue de l'obtention du grade de master en Génie Informatique soutenu devant le jury. 72BI-BuBUaAlgorithme de recherchexEncylopédie BurundaisexInformatique 72BI-BuBUaMémoire1 4dir.aMukeshimana, Michèle